| 000 | 01523cam a22002174a 4500 | ||
|---|---|---|---|
| 005 | 20250605164203.0 | ||
| 008 | 250528s ||||||||||||||||||||||||d | ||
| 035 | _a19793 | ||
| 020 | _a960411042Χ | ||
| 040 |
_aGR-AtMCL _bgre _dGR-AtMCL _eAACR2 |
||
| 245 | 1 | _aΕπάγγελμα Διακοσμητής / Εγχειρίδιο Επαγγελματικής Πρακτικής | |
| 250 | _a1η | ||
| 260 |
_bΊων, _c2000 |
||
| 300 | _a488 | ||
| 505 | 0 | _aΕισαγωγή, Ιστορία, Η Έννοια του Όρου ''Διακοσμητής'' άλλοτε και τώρα, Πρακτική Άσκηση Επαγγέλματος, Η Εσωτερική Διακόσμηση ως Επάγγελμα, Ψυχολογία του Πελάτη, Μεθοδολογία: Διαδικασίες Μελέτης και Εφαρμογής Ενός Έργου, Αμοιβές, Συμβάσεις και Συμφωνητικά, Για τους Νεόφυτους στο Επάγγελμα, Γι'αυτούς που θέλουν να κάνουν Δικό τους Γραφείο, Παραρτήματα. | |
| 520 | _aΔιακόσμηση - Επιχείρηση - Δημόσιες Σχέσεις - Διαδικασίες Μελέτης - Αμοιβές - Συμβάσεις - Συμφωνητικά - Διακοσμητές - Αρχιτέκτονες - Επαγγελματίες - Σπουδαστές. | ||
| 700 | 1 |
_aΠαυλιόγλου Ιωάννη (Τζώνη) _95983 |
|
| 942 | _cBK | ||
| 999 |
_c5045 _d5045 |
||